000 00767nam a22002417a 4500
005 20221029100639.0
008 221029b ||||| |||| 00| 0 eng d
020 _a0394549082
040 _cAL
041 _aeng
082 _223
_a523.6
_bSAGC
100 _aCarl Sagan
_960517
100 _dAnn Druyan
_960518
245 _aComet
260 _aNew York
_bRandom House
_c1985
300 _axiv,395p.
_bHB
_c26x21cm.
520 _aDocuments the history of Halley's Comet and describes, in two hundred photographs and an informative text, the path of the comet and the astronomical details of its existence
650 _aHalleys Comet
_960519
650 _aAstride
_960520
700 _aSAGAN (Carl)
_960521
700 _aDRUYAN (Ann)
_960522
942 _2ddc
_cGF
999 _c224950
_d224950